Historia universal siglo XXI

保存先:
書誌詳細
フォーマット: 図書
言語:スペイン語
出版事項: Ciudad de México Siglo veintiuno 1971
主題:
タグ: タグ追加
タグなし, このレコードへの初めてのタグを付けませんか!

MARC

LEADER 00000nam a2200000 a 4500
001 UCO1480
003 CL-VaPUC
008 000519e19710000MX |||||||||||||||||spa|d
082 0 4 |a 909  |b HIS  |2 21 
245 1 0 |a Historia universal siglo XXI 
300 |a v 
942 |c BK 
945 |d 20000519 00:00:00  |a lriquelm 
260 |a Ciudad de México  |b Siglo veintiuno  |c 1971 
500 |a v.1: Prehistoria 
500 |a v.2 t.1: Los imperios del antiguo Oriente. Del Paleolítico a la mitad del segundo milenio 
500 |a v.3 t.2: Los imperios del antiguo oriente. El fin del segundo milenio 
500 |a v.4 t.3: Los imperios del antiguo oriente. La primera mitad del primer milenio 
500 |a v.5: Griegos y persas. El mundo mediterráneo en la Edad Antigua I 
500 |a v.6: El helenismo y el auge de Roma. El mundo mediterráneo en la Edad Antigua II 
500 |a v.7: La formación del Imperio romano. El mundo mediterráneo en la Edad Antigua III 
500 |a v.8: El imperio romano y sus pueblos limítrofes. El mundo mediterráneo en la Edad Antigua IV 
500 |a v.9: Las transformaciones del mundo mediterráneo. Siglos III-VIII 
500 |a v.10: La Alta Edad Media 
500 |a v.11: La Baja Edad Media 
500 |a v.12: Los fundamentos del mundo moderno. Edad Media tardía, Renacimiento, Reforma 
500 |a v.13: Bizancio 
500 |a v.14 t.1: El Islam. Desde los orígenes hasta el comienzo del Imperio otomano 
500 |a v.15 t.2: El Islam. Desde la caída de Constantinopla hasta nuestros días 
500 |a v.16: Asia Central 
500 |a v.17: India. Historia del subcontinente desde las culturas del Indo hasta el comienzo del dominio inglés 
500 |a v.18: Asia Sudoriental. Antes de la época colonial 
500 |a v.19: El Imperio chino 
500 |a v.20: El Imperio japonés 
500 |a v.21 t.1: América Latina. Antiguas culturas precolombinas 
500 |a v.22 t.2: América Latina. La época colonial 
500 |a v.23 t.3: América Latina. De la independencia a la segunda guerra mundial 
500 |a v.24: Los inicios de la Europa moderna, 1550-1648 
500 |a v.25: La época del absolutismo y la ilustración, 1648-1779 
500 |a v.26: La época de las revoluciones europeas, 1780-1848 
500 |a v.27: La época de la burguesía 
500 |a v.28: La época del Imperialismo. Europa, 1885-1913 
500 |a v.29: Los imperios coloniales desde el siglo XVIII 
500 |a v.30: Los Estados Unidos de América 
500 |a v.31: Rusia 
500 |a v.32: Africa. Desde la prehistoria hasta los estados actuales 
500 |a v.33: Asia contemporánea 
500 |a v.34: El siglo veinte I. 1918-1945 
500 |a v.35 t.1-2: El siglo veinte. 1945-1982 
500 |a v.36: El siglo veinte, III. Problemas mundiales entre los dos bloquesde poder 
650 7 |a DESCUBRIMIENTO  |2 CL-VaPUC  |9 321428 
650 0 |a Comunidad  |9 308730 
650 0 |a Sociedad  |9 307903 
650 0 |a Arqueología   |9 265619 
650 0 |a Colonización  |9 265172 
650 7 |a POLITICA INDIANA  |2 CL-VaPUC  |9 443599 
650 0 |a Iglesia   |9 255004 
650 7 |a MISIONES  |2 CL-VaPUC  |9 269280 
650 7 |a COLONIA  |2 CL-VaPUC  |9 443612 
650 0 |a Independencia   |9 344246 
650 7 |a EXPANSION EUROPEA  |2 CL-VaPUC  |9 440588 
650 0 |a Imperialismo  |9 258264 
651 0 |a Europa  |9 255156 
651 0 |a América  |9 255182 
651 0 |a España  |9 254926 
651 7 |a PORTUGAL  |2 CL-VaPUC  |9 255007 
583 |a last modification  |c 20000519 00:00:00  |k Rodrigo Vera 
999 |c 288094  |d 288092 
952 |0 0  |1 0  |4 0  |6 909_000000000000000_HIS_1971  |7 0  |8 A  |9 335317  |a BIBHIS  |b BIBHIS  |d 2019-11-20  |h v.21 t.1  |i 1258982  |o 909 HIS 1971  |p 1258982  |r 2025-01-20  |w 2019-11-20  |y BK  |k HIS 
952 |0 0  |1 0  |4 0  |6 909_000000000000000_HIS_1971  |7 0  |8 A  |9 335318  |a BIBHIS  |b BIBHIS  |d 2019-11-20  |h v.22 t.2  |i 1258990  |o 909 HIS 1971  |p 1258990  |r 2025-01-20  |w 2019-11-20  |y BK  |k HIS 
952 |0 0  |1 0  |4 0  |6 909_000000000000000_HIS_1971  |7 0  |8 A  |9 335319  |a BIBHIS  |b BIBHIS  |d 2019-11-20  |h v.22 t.2  |i 1259008  |o 909 HIS 1971  |p 1259008  |r 2025-01-20  |w 2019-11-20  |y BK  |k HIS 
952 |0 0  |1 0  |4 0  |6 909_000000000000000_HIS_1971  |7 0  |8 A  |9 335320  |a BIBHIS  |b BIBHIS  |d 2019-11-20  |h v.23 t.3  |i 1259016  |o 909 HIS 1971  |p 1259016  |r 2025-01-20  |w 2019-11-20  |y BK  |k HIS 
952 |0 0  |1 0  |4 0  |6 909_000000000000000_HIS_1971  |7 0  |8 A  |9 335321  |a BIBHIS  |b BIBHIS  |d 2019-11-20  |h v.23 t.3  |i 1259024  |o 909 HIS 1971  |p 1259024  |r 2025-01-20  |w 2019-11-20  |y BK  |k HIS 
952 |0 0  |1 0  |4 0  |6 909_000000000000000_HIS_1971  |7 0  |8 A  |9 335322  |a BIBHIS  |b BIBHIS  |d 2019-11-20  |h v.23 t.3  |i 2877910  |o 909 HIS 1971  |p 2877910  |r 2025-01-20  |w 2019-11-20  |y BK  |k HIS 
952 |0 0  |1 0  |4 0  |6 909_000000000000000_HIS_1971  |7 0  |8 A  |9 335323  |a BIBHIS  |b BIBHIS  |d 2019-11-20  |h v.24  |i 2877929  |o 909 HIS 1971  |p 2877929  |r 2025-01-20  |w 2019-11-20  |y BK  |k HIS 
952 |0 0  |1 0  |4 0  |6 909_000000000000000_HIS_1971  |7 0  |8 A  |9 335324  |a BIBHIS  |b BIBHIS  |d 2019-11-20  |h v.10  |i 1369539  |o 909 HIS 1971  |p 1369539  |r 2025-01-20  |w 2019-11-20  |y BK  |k HIS 
952 |0 0  |1 0  |4 0  |6 909_000000000000000_HIS_1971  |7 0  |8 A  |9 335325  |a BIBHIS  |b BIBHIS  |d 2019-11-20  |h v.33  |i 138418K  |o 909 HIS 1971  |p 138418K  |r 2025-01-20  |w 2019-11-20  |y BK  |k HIS